ბათუმის შოთა რუსთაველის სახელმწიფო უნივერსიტეტის ბიბლიოთეკა

საქართველოს ისტორია 4 ტომად (უძველესი დროიდან XX საუკუნის ბოლომდე) : (ბიბ.ჩანაწერი № 38604)

000 -ლიდერი
ფიქსირებული სიგრძის საკონტროლო ველი 02078nam a2200289Ia 4500
001 - საკონტროლო ნომერი
საკონტროლო ველი 4721
003 - საკონტროლო ნომრის იდენტიფიკატორი
საკონტროლო ველი GE_BSU
005 - ბოლო ოპერაციის თარიღი და დრო
საკონტროლო ველი 20190711153119.0
008 - ფიქსირებული სიგრძის მონაცემთა ელემენტები - ზოგადი ინფორმაცია
ფიქსირებული სიგრძის საკონტროლო ველი 181216s2012||||ge |||||||||||||| ||geo||
020 ## - წიგნის საერთაშორისო სტანდარტული ნომერი
International Standard Book Number 9789941195860
040 ## - კატალოგიზაციის წყარო
Transcribing agency GE_BSU
041 ## - ენის კოდი
Language code of text/sound track or separate title geo
080 ## - უნივერსალური ათობითი კლასიფიკაციის ინდექსი
Universal Decimal Classification number 94(479.22) ს-32
245 ## - ცნობა სათაურის შესახებ
Title საქართველოს ისტორია 4 ტომად (უძველესი დროიდან XX საუკუნის ბოლომდე) :
Remainder of title საქ. მეცნ. ეროვნ. აკად. ისტ. ეთნოლ. რელიგიის შესწ. და პროპაგანდის სამეცნ. ცენტრი ტ.3 საქართველოს ისტორია Xlll საუკუნიდან XlX საუკუნამდე /
Statement of responsibility, etc ნ. ასათიანი, გ. ოთხმეზური, მ. სამასონაძე, გ. ჯაბბურია ; სარედ. კოლ. მ. ლორთქიფანიძე და სხვ. ; რედ. მ. სამსონაძე
264 ## - წარმოების, გამოცემის, დისტრიბუციის და სხვა ცნობები
გამოცემის, წარმოების, დისტრიბუციის... ადგილი თბილისი :
გამოცემის, წარმოების, დისტრიბუციის... სახელწოდება პალიტრა ;
გამოცემის, წარმოების, დისტრიბუციის... თარიღი 2012.
300 ## - ფიზიკური აღწერა
Extent 463 გვ. :
Other physical details 16 ჩანართფ. ილ. ;
Dimensions 25 სმ.
653 ## - INDEX TERM--UNCONTROLLED
Uncontrolled term საქართველოს ისტორია (უძველესი დროიდან XX საუკუნის ბოლომდე)
653 ## - INDEX TERM--UNCONTROLLED
Uncontrolled term საქართველოს ისტორია Xlll საუკუნიდან XlX საუკუნამდე
700 ## - ADDED ENTRY--PERSONAL NAME
Personal name ასათიანი, ნ.
Relator term ავტორი
9 (RLIN) 1535
700 ## - ADDED ENTRY--PERSONAL NAME
Personal name ოთხმეზური, გ.
Relator term ავტორი
9 (RLIN) 3206
700 ## - ADDED ENTRY--PERSONAL NAME
Personal name სამასონაძე, მ.
Relator term ავტორი
9 (RLIN) 3207
700 ## - ADDED ENTRY--PERSONAL NAME
Personal name ჯამბურია, გ.
Relator term ავტორი
9 (RLIN) 34
700 ## - ADDED ENTRY--PERSONAL NAME
Personal name ლორთქიფანიძე, მ.
Relator term რედაქტორი
9 (RLIN) 473
700 ## - ADDED ENTRY--PERSONAL NAME
Personal name სამსონაძე, მ.
Relator term რედაქტორი
9 (RLIN) 3208
942 ## - ADDED ENTRY ELEMENTS (KOHA)
Koha item type წიგნი
Source of classification or shelving scheme
ეგზემპლარები
ჩამოწერის სტატუსი დაკარგული ეგზემპლარის სტატუსი კლასიფიკაციის წყარო ან თაროზე გაწყობის სქემა დაზიანების სტატუსი არ გაიცემა მუდმივი მდებარეობა (დაცვის ადგილი) ამჟამინდელი ადგილსამყოფელი თაროზე განთავსების ადგილი შეძენის თარიღი ღირებულება, შესყიდვის ნორმალური ფასი სრული შენახვის შიფრი შტრიხკოდი ბოლო ოპერაციის თარიღი ეგზემპლარის მიმდევრობითი ნომერი (კეტერი?) ფასის ძალაში შესვლის თარიღი ეგზემპლარის სახეობა საჯარო შენიშვნა
          ბათუმის შოთა რუსთაველის სახელმწიფო უნივერსიტეტის მთავარი ბიბლიოთეკა ბათუმის შოთა რუსთაველის სახელმწიფო უნივერსიტეტის მთავარი ბიბლიოთეკა წიგნსაცავი 2018-12-17 18.00 94(479.22) ს-32 12522 2018-12-17 12522 2018-12-17 წიგნი 18 ლ.
          ბათუმის შოთა რუსთაველის სახელმწიფო უნივერსიტეტის მთავარი ბიბლიოთეკა ბათუმის შოთა რუსთაველის სახელმწიფო უნივერსიტეტის მთავარი ბიბლიოთეკა წიგნსაცავი 2018-12-17 18.00 94(479.22) ს-32 12523 2018-12-17 12523 2018-12-17 წიგნი 18 ლ.
          ბათუმის შოთა რუსთაველის სახელმწიფო უნივერსიტეტის მთავარი ბიბლიოთეკა ბათუმის შოთა რუსთაველის სახელმწიფო უნივერსიტეტის მთავარი ბიბლიოთეკა წიგნსაცავი 2018-12-17 18.00 94(479.22) ს-32 12524 2018-12-17 12524 2018-12-17 წიგნი 18 ლ.
          ბათუმის შოთა რუსთაველის სახელმწიფო უნივერსიტეტის მთავარი ბიბლიოთეკა ბათუმის შოთა რუსთაველის სახელმწიფო უნივერსიტეტის მთავარი ბიბლიოთეკა წიგნსაცავი 2018-12-17 18.00 94(479.22) ს-32 12525 2018-12-17 12525 2018-12-17 წიგნი 18 ლ.
          ბათუმის შოთა რუსთაველის სახელმწიფო უნივერსიტეტის მთავარი ბიბლიოთეკა ბათუმის შოთა რუსთაველის სახელმწიფო უნივერსიტეტის მთავარი ბიბლიოთეკა წიგნსაცავი 2018-12-17 18.00 94(479.22) ს-32 12526 2018-12-17 12526 2018-12-17 წიგნი 18 ლ.
          ბათუმის შოთა რუსთაველის სახელმწიფო უნივერსიტეტის მთავარი ბიბლიოთეკა ბათუმის შოთა რუსთაველის სახელმწიფო უნივერსიტეტის მთავარი ბიბლიოთეკა წიგნსაცავი 2018-12-17 18.00 94(479.22) ს-32 12527 2018-12-17 12527 2018-12-17 წიგნი 18 ლ.
          ბათუმის შოთა რუსთაველის სახელმწიფო უნივერსიტეტის მთავარი ბიბლიოთეკა ბათუმის შოთა რუსთაველის სახელმწიფო უნივერსიტეტის მთავარი ბიბლიოთეკა წიგნსაცავი 2018-12-17 18.00 94(479.22) ს-32 12528 2018-12-17 12528 2018-12-17 წიგნი 18 ლ.
          ბათუმის შოთა რუსთაველის სახელმწიფო უნივერსიტეტის მთავარი ბიბლიოთეკა ბათუმის შოთა რუსთაველის სახელმწიფო უნივერსიტეტის მთავარი ბიბლიოთეკა წიგნსაცავი 2018-12-17 18.00 94(479.22) ს-32 12529 2018-12-17 12529 2018-12-17 წიგნი 18 ლ.
          ბათუმის შოთა რუსთაველის სახელმწიფო უნივერსიტეტის მთავარი ბიბლიოთეკა ბათუმის შოთა რუსთაველის სახელმწიფო უნივერსიტეტის მთავარი ბიბლიოთეკა წიგნსაცავი 2018-12-17 18.00 94(479.22) ს-32 12530 2018-12-17 12530 2018-12-17 წიგნი 18 ლ.
          ბათუმის შოთა რუსთაველის სახელმწიფო უნივერსიტეტის მთავარი ბიბლიოთეკა ბათუმის შოთა რუსთაველის სახელმწიფო უნივერსიტეტის მთავარი ბიბლიოთეკა წიგნსაცავი 2018-12-17 18.00 94(479.22) ს-32 12531 2018-12-17 12531 2018-12-17 წიგნი 18 ლ.